The timeless gospel choral anthems: an indispensable compendium of original musical compositions, adaptations and arrangements for choirs: in vocal score
Guardat en:
| Autor principal: | |
|---|---|
| Format: | Llibre |
| Idioma: | anglès |
| Publicat: |
AMADEB concepts int’l Music,
2016.
|
| Etiquetes: |
Afegir etiqueta
Sense etiquetes, Sigues el primer a etiquetar aquest registre!
|
MARC
| LEADER | 00000nam a22000007a 4500 | ||
|---|---|---|---|
| 008 | 210408b ||||| |||| 00| 0 eng d | ||
| 020 | |a 978-59452-075 | ||
| 100 | |a DADA, Tope. | ||
| 245 | |a The timeless gospel choral anthems: |b an indispensable compendium of original musical compositions, adaptations and arrangements for choirs: in vocal score |c Tope Dada & ‘Deola Amudipe |g vii: 127p. | ||
| 260 | |b AMADEB concepts int’l Music, |c 2016. |h [Lagos]: |i 691041 – Vol. 1 |i 691042 |l M2115 .D12 |m Hymns. | ||
| 942 | |a lcc |c BK |e Adeniran F. A |f 08/04/2021 | ||
| 952 | |0 0 |1 0 |2 lcc |4 0 |6 M2115 D12 |7 0 |9 2062 |a HOL |b ART |c LP |d 2021-04-08 |l 0 |o M2115 .D12 |p 2021-5919 |r 2021-04-08 00:00:00 |w 2021-04-08 |y BK | ||
| 952 | |0 0 |1 0 |2 lcc |4 0 |6 M2115 D12 |7 0 |9 2063 |a HOL |b HOL |c LP |d 2021-04-08 |l 0 |o M2115 .D12 |p 2021-5920 |r 2021-04-08 00:00:00 |w 2021-04-08 |y BK | ||
| 999 | |c 1073 |d 1073 | ||